000 00292nam a22001337a 4500
008 170925b xxu||||| |||| 00| 0 eng d
020 _a9780764547447
041 _aeng
080 _22ND
_a37
100 _a46
101 _aEDU
245 _aXML IN PLAIN ENGLISH
_cEDDY,S.E
942 _2udc
_cBK
999 _c29623
_d29623